Tous les pays qui ont été en guerre contre la France - Statistiques

Statistiques générales
  • Ce quiz a été pris 305 fois
  • Le résultat moyen est 42 sur 131
Réponses sur la Carte
Les réponses sont colorées sur une échelle allant du rouge au vert en fonction du pourcentage des utilisateurs qui les ont devinées à leur premier essai. Vous pouvez retrouver ces pourcentages ci-dessous.
 
Statistiques - réponses
% Correct
1733-1738 Russie
98%
1870-1871 Allemagne
97%
1815 * Confédération germanique
97%
1521-1525 Espagne
97%
1701-1714 Royaume-Uni
96%
1954-1962 Algérie
92%
1798-1800 États-Unis
92%
1939-1943 Italie
92%
1856-1860 Chine
91%
1337-1453 Portugal
91%
1939-1945 Japon
88%
1844 Maroc
88%
1270 Tunisie
86%
1815 * Suède-Norvège
85%
1918-1921 Turquie
85%
1956 Égypte
83%
1618-1648 Autriche
81%
1667-1668 Suède
81%
1618-1648 * Danemark-Norvège
79%
1838-1839 Mexique
78%
1440-1446 Suisse
78%
1990-1991 Irak
76%
1667-1668 Pays-Bas
76%
1982-1984 Iran
74%
1978-1987 Libye
74%
1847 Vietnam
73%
1618-1648 Hongrie
71%
1866 * Corée
69%
1920 Syrie
68%
1224-1226 * Angleterre
60%
1096-1099 * Sultanat de Roum
60%
1946-1954 Laos
58%
2001-2021 Afghanistan
56%
1946-1954 Cambodge
56%
1982-1984 Liban
55%
1940-1944 Roumanie
54%
1950-1953 Corée du Nord
53%
1893 * Siam
53%
1845-1850 Argentine
52%
1939-1945 Thaïlande
51%
1618-1648 Croatie
49%
1915-1918 Bulgarie
46%
1883-1885 Madagascar
45%
1917-1923 * URSS
45%
1663-1664 * Empire Ottoman
43%
2024- Yémen
43%
1337-1453 Luxembourg
42%
1939-1945 Slovaquie
40%
1998-1999 * Yougoslavie
40%
1701-1714 Prusse
39%
1992-1995 Bosnie-Herzégovine
38%
1791-1804 Haïti
38%
486-508 * Empire romain
37%
1906-1912 Tchad
37%
1992-1993 Somalie
34%
2002-2011 Côte d'Ivoire
29%
1189-1192 Chypre
27%
1494-1497 * États pontificaux
27%
1839-1851 Uruguay
24%
843-851 * Bretagne
18%
1733-1738 * Autriche-Hongrie
17%
1688-1697 * Écosse
17%
876-946 * Bourgogne
16%
1487-1491 * Saint-empire romain germanique
16%
1890 Bénin
15%
486-508 * Royaume Wisigoth
15%
535-553 * Empire Byzantin
14%
1209-1229 * Aragon
13%
1618-1648 | 555 * Bavière
13%
1462-1472 * Castille
13%
1494-1497 * Venise
13%
1494-1497 * Naples
12%
584-585 * Aquitaine
11%
486-508 * Royaume Ostrogoths
11%
1733-1738 * Sardaigne
11%
719-759 * Califat Omeyyades
10%
1297-1305 * Flandre
10%
1526-1530 * Gênes
10%
1494-1497 * Milan
10%
1557-1559 * Savoie
10%
1733-1738 * Saxe
10%
1792-1797 * Sicile
10%
843-851 ** Vikings
10%
1146-1149 * Califat Abbassides
8%
1462-1472 * Catalogne
8%
1557-1559 * Florence
8%
1462-1472 * Lorraine
8%
1337-1453 * Navarre
8%
755-758 * Lombardie
6%
1159-1204 * Empire Plantagenêt
5%
486-508 * Royaume alaman
5%
772-804 ** Saxons
5%
1792-1797 * Toscane
5%
1209-1229 * Toulouse
5%
1672-1678 * Brandebourg
4%
1792-1797 * Modène et Reggio
4%
791-805 ** Avars
3%
486-508 * Burgondie
3%
1096-1099 * Califat fatimide
3%
1209-1229 ** Cathares
3%
1209-1229 * Foix
3%
876-846 * Francie orientale
3%
1756-1763 * Hesse-Cassel
3%
1792-1797 * Parme et plaisance
3%
1921-1926 * République du Rif
3%
600-793 * Royaume de Frise
3%
1609-1614 * Strasbourg
3%
1209-1229 * Béarn
2%
1849 * Hawai
2%
798-990 ** Sarrasins
2%
1844-1847 * Tahiti
2%
1809 * Tyrol
2%
1146-1149 * Dynastie des Almoravides
1%
1189-1192 * Dynastie des Ayyoubides
1%
1146-1149 * Empire Almohades
1%
830-842 * Francie médiane
1%
1337-1453 * Hainaut
1%
1242 ** Maison de Lusignan
1%
523-533 * Thuringe
1%
1248-1254 ** Baharites
0%
1733-1738 * Brunswick-Lunebourg
0%
1209-1229 * Comminges
0%
1096-1099 ** Danichmendides
0%
1146-1149 * Dynastie des Zengides
0%
1815 * îles Ioniennes
0%
1209-1229 * Maison Trencavel
0%
560-578 * Royaume du Vannetais
0%
1803-1805 * Sept-Îles
0%
1838-1839 * Texas
0%
1775-1783 * Waldeck-Pyrmont
0%
Aucun quiz correspondant
Distribution des résultats
% des personnes avec chaque résultat
Percentile par nombre de réponses
Votre historique - résultats
Vous n’avez pas pris ce quiz